Lippincott's Illustrated Reviews: (Record no. 183)

MARC details
000 -LEADER
fixed length control field 01084cam a22003498a 4500
001 - CONTROL NUMBER
control field 13950741
003 - CONTROL NUMBER IDENTIFIER
control field OSt
005 - DATE AND TIME OF LATEST TRANSACTION
control field 20170208183228.0
008 - FIXED-LENGTH DATA ELEMENTS--GENERAL INFORMATION
fixed length control field 050503s2006 pau b 001 0 eng
010 ## - LIBRARY OF CONGRESS CONTROL NUMBER
LC control number 2005044251
020 ## - INTERNATIONAL STANDARD BOOK NUMBER
International Standard Book Number 0781741181
035 ## - SYSTEM CONTROL NUMBER
System control number (DNLM)101247423
040 ## - CATALOGING SOURCE
Original cataloging agency DNLM/DLC
Transcribing agency DLC
Modifying agency DLC
042 ## - AUTHENTICATION CODE
Authentication code pcc
050 00 - LIBRARY OF CONGRESS CALL NUMBER
Classification number RM301.14
Item number .P47 2006
060 10 - NATIONAL LIBRARY OF MEDICINE CALL NUMBER
Classification number QV 18.2
Item number H864p 2006
082 00 - DEWEY DECIMAL CLASSIFICATION NUMBER
Classification number QV18 H83l 2006
Edition number 22
100 1# - MAIN ENTRY--PERSONAL NAME
Personal name Howland, Richard D.; Mary J. Mycek
9 (RLIN) 469
245 10 - TITLE STATEMENT
Title Lippincott's Illustrated Reviews:
250 ## - EDITION STATEMENT
Edition statement 3rd ed.
260 ## - PUBLICATION, DISTRIBUTION, ETC. (IMPRINT)
Place of publication, distribution, etc. Philadelphia :
Name of publisher, distributor, etc. Lippincott,
Date of publication, distribution, etc. c2006.
263 ## - PROJECTED PUBLICATION DATE
Projected publication date 0508
300 ## - PHYSICAL DESCRIPTION
Extent vii,552 p. ;
Dimensions 29cm.
Other physical details col.ill
440 #0 - SERIES STATEMENT/ADDED ENTRY--TITLE
Title Lippincott's illustrated reviews
9 (RLIN) 470
504 ## - BIBLIOGRAPHY, ETC. NOTE
Bibliography, etc Includes bibliographical references and index.
650 #0 - SUBJECT ADDED ENTRY--TOPICAL TERM
Topical term or geographic name as entry element Pharmacology
9 (RLIN) 471
650 #0 - SUBJECT ADDED ENTRY--TOPICAL TERM
Topical term or geographic name as entry element Pharmacology MCQs
9 (RLIN) 464
856 42 - ELECTRONIC LOCATION AND ACCESS
Materials specified Publisher description
Uniform Resource Identifier <a href="http://www.loc.gov/catdir/enhancements/fy0712/2005044251-d.html">http://www.loc.gov/catdir/enhancements/fy0712/2005044251-d.html</a>
906 ## - LOCAL DATA ELEMENT F, LDF (RLIN)
a 7
b rix
c orignew
d 1
e ocip
f 20
g y-gencatlg
942 ## - ADDED ENTRY ELEMENTS (KOHA)
Source of classification or shelving scheme Other/Generic Classification Scheme
Koha item type Book Bank
Holdings
Withdrawn status Lost status Source of classification or shelving scheme Damaged status Not for loan Home library Current library Date acquired Source of acquisition Inventory number Total Checkouts Full call number Barcode Date last seen Koha item type
    Other/Generic Classification Scheme     MUST Main Library MUST Main Library 11/07/2014 Purchase 08/29719   QV18.2 H83l 2006 2014-0645 11/07/2014 Book Bank
    Other/Generic Classification Scheme     MUST Main Library MUST Main Library 16/10/2014 Purchase 07/29030   QV18.2 H83l 2006 2014-3039 16/10/2014 Short Loan
    Other/Generic Classification Scheme     MUST Main Library MUST Main Library 16/10/2014 Purchase 08/30804   QV18.2 H83l 2006 2014-3040 16/10/2014 Short Loan
    Other/Generic Classification Scheme     MUST Main Library MUST Main Library 16/10/2014 Purchase 08/30805   QV18.2 H83l 2006 2014-3041 16/10/2014 Short Loan
    Other/Generic Classification Scheme     MUST Main Library MUST Main Library 16/10/2014 Purchase 07/29031   QV18.2 H83l 2006 2014-3042 16/10/2014 Short Loan